|
|
|
|
| LEADER |
00000nab a2200000 a 4500 |
| 001 |
vtls000779346 |
| 003 |
SK-MaSNL |
| 005 |
20260304222619.0 |
| 008 |
250429c2001 xo 0 slo |
| 015 |
|
|
|a SNBRB2002/02-03627
|
| 035 |
|
|
|a CLN000131112
|
| 035 |
|
|
|a (urnnbn)urn:nbn:sk:snk:ar-00648c
|
| 035 |
|
|
|a (uuid)62ecea3c-56df-4e65-9bed-fd9f78495f5a
|
| 035 |
|
|
|a urn:nbn:sk:snk-ab82dr
|
| 040 |
|
|
|a SNKBUCL
|b slo
|c SNKBUCL
|e AACR2
|
| 041 |
0 |
|
|a eng
|
| 044 |
|
|
|a xo
|c SK
|
| 080 |
|
|
|a 577.15:612.145:612.4
|2 1997
|
| 245 |
0 |
0 |
|a Changes in angiotensin AT1 receptor mRNA levels in the rat brain after immobilization stress and inhibition of central nitric oxide synthase
|c Alexander Kiss ... [et al.]
|
| 300 |
|
|
|b Obr.
|
| 504 |
|
|
|a Res. angl.
|
| 504 |
|
|
|a Bibliogr. odkazy
|
| 650 |
0 |
7 |
|a receptory angiotenzínové
|x mozog
|x stres imobilizačný
|x syntáza oxidu dusnatého
|x inhibícia
|x potkany
|2 snkbucl
|9 1555753
|
| 650 |
0 |
7 |
|a mozog
|2 snkbucl
|9 18594
|
| 650 |
0 |
7 |
|a stres imobilizačný
|2 snkbucl
|9 930898
|
| 650 |
0 |
7 |
|a syntáza oxidu dusnatého
|2 snkbucl
|9 1202864
|
| 650 |
0 |
7 |
|a syntáza oxidu dusnatého
|x deficit
|x biosyntéza
|2 snkbucl
|9 1555754
|
| 650 |
0 |
7 |
|a receptory angiotenzínové
|x klasifikácia
|x analýza
|2 snkbucl
|9 1555755
|
| 650 |
0 |
7 |
|a génová expresia
|2 snkbucl
|9 116746
|
| 650 |
0 |
7 |
|a syndróm všeobecný adaptačný
|x etiológia
|x genetika
|2 snkbucl
|9 1555756
|
| 650 |
0 |
7 |
|a hypotalamus
|2 snkbucl
|9 16142
|
| 650 |
0 |
7 |
|a hipokampus
|2 snkbucl
|9 242650
|
| 650 |
0 |
7 |
|a potkany
|2 snkbucl
|9 19439
|
| 655 |
|
7 |
|a články z novín a časopisov
|2 snkbucl
|9 267496
|
| 700 |
1 |
|
|a Kiss, Alexander,
|d 1948-
|4 aut
|9 153931
|
| 700 |
1 |
|
|a Jurkovičová, Dana
|4 aut
|9 22115
|
| 700 |
1 |
|
|a Ježová, Daniela,
|d 1949-
|4 aut
|9 132190
|
| 700 |
1 |
|
|a Križanová, Oľga,
|d 1960-
|4 aut
|9 81838
|
| 773 |
0 |
|
|t Endocrine regulations
|g Roč. 35, č. 2 (2001), s. 65-70
|x 0013-7200
|
| 850 |
|
|
|a Slovenská národná knižnica
|
| 852 |
|
|
|a Slovenská národná knižnica
|
| 958 |
|
|
|a article9
|
| 958 |
|
|
|a NB
|
| 958 |
|
|
|a MI
|
| 958 |
|
|
|a RBX
|
| 958 |
|
|
|a OND
|
| 958 |
|
|
|a EUIPO
|
| 999 |
|
|
|c 3164200
|d 3166130
|